Statistics for All Vince Staples Songs

Click here to take the quiz!

General Stats

  • This quiz has been taken 40 times
    (22 since last reset)
  • The average score is 51 of 132

Answer Stats

AlbumSong% Correct
Vince StaplesARE YOU WITH THAT?
71%
Summertime '06Norf Norf
71%
Big Fish Theory745
64%
Big Fish TheoryBig Fish
64%
Stolen YouthIntro
64%
RAMONA PARK BROKE MY HEARTLEMONADE
64%
RAMONA PARK BROKE MY HEARTTHE BEACH
64%
RAMONA PARK BROKE MY HEARTAYE! (FREE THE HOMIES)
57%
FM!Fun!
57%
RAMONA PARK BROKE MY HEARTMAGIC
57%
RAMONA PARK BROKE MY HEARTPAPERCUTS
57%
Prima DonnaPrima Donna
57%
Big Fish TheoryYeah Right
57%
Big Fish TheoryBagBak
50%
Hell Can WaitBlue Suede
50%
dont smile at me&Burn
50%
Big Fish TheoryCrabs in a Bucket
50%
RAMONA PARK BROKE MY HEARTDJ QUIK
50%
FM!Don't Get Chipped
50%
Hell Can WaitFire
50%
Hell Can WaitLimos
50%
Stolen YouthOutro
50%
Big Fish TheoryParty People
50%
Summertime '06Señorita
50%
RAMONA PARK BROKE MY HEARTSLIDE
50%
Summertime '06Summertime
50%
Vince StaplesTAKE ME HOME
50%
RAMONA PARK BROKE MY HEARTTHE BLUES
50%
FM!Tweakin'
50%
Hell Can Wait65 Hunnid
43%
FM!Brand New Tyga (Interlude)
43%
RAMONA PARK BROKE MY HEARTEAST POINT PRAYER
43%
Hell Can WaitFeelin' the Love
43%
FM!Feels Like Summer
43%
Stolen YouthGuns & Roses
43%
Single #5Hell Bound (Ad 01)
43%
Summertime '06Jump Off the Roof
43%
Vince StaplesLAW OF AVERAGES
43%
Vince StaplesLIL FADE
43%
Summertime '06Loca
43%
Prima DonnaLoco
43%
Big Fish TheoryLove Can Be...
43%
RAMONA PARK BROKE MY HEARTMAMA'S BOY
43%
FM!New EarlSweatshirt (Interlude)
43%
FM!Outside!
43%
Big Fish TheoryRain Come Down
43%
RAMONA PARK BROKE MY HEARTROSE STREET
43%
Hell Can WaitScreen Door
43%
Stolen YouthSleep
43%
Prima DonnaSmile
43%
Vince StaplesSUNDOWN TOWN
43%
Vince StaplesTHE APPLE & THE TREE
43%
Vince StaplesTHE SHINING
43%
RAMONA PARK BROKE MY HEARTTHE SPIRIT OF MONSTER KODY
43%
Prima DonnaWar Ready
43%
RAMONA PARK BROKE MY HEARTWHEN SPARKS FLY
43%
Summertime '06'06
36%
Big Fish TheoryAlyssa Interlude
36%
Stolen YouthBack Sellin' Crack
36%
RAMONA PARK BROKE MY HEARTBANG THAT
36%
Prima DonnaBig Time
36%
Summertime '06C.N.B.
36%
Summertime '06Dopeman
36%
Stolen YouthFantoms
36%
Single #2Get the F**k Off My Dick
36%
Hell Can WaitHands Up
36%
Summertime '06Hang N' Bang
36%
Stolen YouthHeaven
36%
Big Fish TheoryHomage
36%
Stolen YouthKillin' Y'all
36%
Vince StaplesLAKEWOOD MALL
36%
Prima DonnaLet It Shine
36%
Summertime '06Lift Me Up
36%
Vince StaplesMHM
36%
Shyne Coldchain IINate
36%
FM!No Bleedin
36%
Prima DonnaPimp Hand
36%
RAMONA PARK BROKE MY HEARTPLAYER WAYS
36%
Big Fish TheoryRamona Park Is Yankee Stadium
36%
Summertime '06Ramona Park Legend, Pt. 1
36%
Summertime '06Ramona Park Legend, Pt. 2
36%
FM!Run the Bands
36%
Big Fish TheorySamo
36%
Single #3So What?
36%
Stolen YouthStuck in My Ways
36%
Summertime '06Surf
36%
Vince StaplesTAKING TRIPS
36%
Stolen YouthThought About You
36%
Winter in PragueWinter in Prague
36%
Shyne Coldchain Vol. 1102
29%
Summertime '063230
29%
Shyne Coldchain II45
29%
Shyne Coldchain Vol. 1Aintnofun
29%
Summertime '06Birds & Bees
29%
Winter in PragueBlack Oprah
29%
Shyne Coldchain Vol. 1Dreams Turn
29%
Shyne Coldchain IIEarth Science
29%
Summertime '06Get Paid
29%
Shyne Coldchain Vol. 1Hostile
29%
Shyne Coldchain IIHumble
29%
Summertime '06Lemme Know
29%
Summertime '06Like It Is
29%
Shyne Coldchain IILocked & Loaded
29%
Winter in PragueMatlock
29%
Winter in PragueMattress
29%
Summertime '06Might Be Wrong
29%
RAMONA PARK BROKE MY HEARTNAMELESS
29%
Shyne Coldchain IIOh You Scared
29%
Shyne Coldchain Vol. 1Phat Wemin
29%
Shyne Coldchain IIProgressive 3
29%
Shyne Coldchain Vol. 1Progressive II
29%
FM!Relay
29%
Single #4Sheet Music
29%
Winter in PragueSK Climactic
29%
Winter in PragueSK La Sermon
29%
Shyne Coldchain Vol. 1SOB
29%
Summertime '06Street Punks
29%
Shyne Coldchain Vol. 1Swiss Army
29%
Shyne Coldchain Vol. 1Taxi
29%
Winter in PragueTraffic
29%
Shyne Coldchain Vol. 1Trigga Witta Heart
29%
Shyne Coldchain IITrunk Rattle
29%
Shyne Coldchain IITurn
29%
Winter in PragueTwitch
29%
Shyne Coldchain Vol. 1Versace Rap
29%
Winter in PragueWaterpark
29%
FM!(562) 453-9382 (Skit)
21%
Shyne Coldchain Vol. 1Baron Davis
21%
Shyne Coldchain Vol. 1Beeper King Exclusive
21%
Winter in PragueLORD
21%
Shyne Coldchain IIShots
21%
SingleVicoden
21%

Score Distribution

Percentile by Number Answered

Percent of People with Each Score

Your Score History

You have not taken this quiz since the last reset